Перикъл (Запис номер 205253)
[ съкратено ]
| 000 -Лидер | |
|---|---|
| Контролно поле с фиксирана дължина | nam a22 a 4500 |
| 003 - Код на организацията, давaща контролен номер | |
| Контролно поле | BLK |
| 005 - Дата и час на последна редакция | |
| Контролно поле | 20221209151421.0 |
| 008 - Елементи от данни с фиксирана дължина | |
| fixed length control field | 180411b bul|||||r ||||||| ||bul|| |
| 040 ## - Източник на каталожния запис | |
| Идентификатор на билиотеката - собственик на записа | BLK |
| 041 ## - Код за език | |
| Код за езика на текст/звукозапис или на отделно заглавие | Български |
| Код за езика КДБФ | Български |
| 080 ## - УДК | |
| Текстов определител УДК | Немска литература |
| УДК код - определител по УДК | 821.112.2 |
| УДК определител | -312.6 |
| УДК - код + определител | 821.112.2-312.6 |
| 080 ## - УДК | |
| Текстов определител УДК | История на Гърция (до 323 г. н. е.). Древна Гърция |
| УДК код - определител по УДК | 94(38) |
| УДК определител | (092)(0:82-31) |
| УДК - код + определител | 94(38)(092)(0:82-31) |
| 080 ## - УДК | |
| Текстов определител УДК | Древногръцки политик |
| УДК код - определител по УДК | 929 Перикъл |
| УДК - код + определител | 929 Перикъл |
| 100 1# - Редна дума - Автор | |
| Автор | Хемерлинг, Конрад |
| Авторска отговорност | първи автор |
| R(LIN) | 136742 |
| 139 ## - Редно поле | |
| Редна дума | Перикъл |
| 245 10 - Сведения за заглавието | |
| Заглавие | Перикъл |
| Подзаглавни данни | Човек е мярка на всички неща : Биогр. роман |
| Редно поле (дума) | Конрад Хемерлинг; прев. от нем. Спас Н. Мулешков. |
| 250 ## - Област на изданието | |
| Сведения за изданието | 2. изд. |
| 257 ## - Страна на издаване | |
| Страна на създаване/издаване | ГДР |
| 260 ## - Област на издателските данни | |
| Място на издаване, разпространение и проч. | София |
| Име на издателя, разпространителя и проч. | ОФ |
| Година на издаване | 1981 |
| Печатница | Враца : В. Александров |
| 300 ## - Физическа характеристика | |
| Страници | 448 с. |
| Размери/Мащаб | 21 см |
| 380 ## - Жанр | |
| Жанр | Худож. лит. |
| 500 ## - Общи забележки | |
| Забележка | Ориг. загл. Mensch - Mass aller Dinge. Roman des Perikles / Konrad Haemmerling. - 1. изд. 1970 в сер. Бележити политически дейци. - 60 200 тир. |
| 600 14 - Име на лице, използвано като предмет | |
| За него / За нея | Перикъл |
| 9 (RLIN) | 324174 |
| 650 #4 - Допълнително описание по предмет – тема | |
| Основно описание – тема или топоним | Перикъл |
| 9 (RLIN) | 324174 |
| 651 #4 - Допълнително описание по предмет - топоним | |
| Географско понятие | Древна Гърция |
| 9 (RLIN) | 242869 |
| 653 ## - Ключова дума – ненормативна | |
| Ключова дума | Перикъл |
| 653 ## - Ключова дума – ненормативна | |
| Ключова дума | романизувани биографии |
| 700 1# - Други автори (авторска отговорност) | |
| Лично име | Мулешков, Спас Николов |
| Автороска отговорност (Описва отношението между автора и произведението) | прев. от нем. |
| 9 (RLIN) | 324307 |
| 852 ## - Местоположение | |
| Форматна сигнатура | Цб 108324 |
| Фондова буква | Хранилище |
| 999 ## - СИСТЕМНИ КОНТРОЛНИ НОМЕРА | |
| Koha biblionumber | 205253 |
| Koha biblioitemnumber | 205253 |
| 942 ## - АРТИКУЛИ | |
| Вид на библиотечния материал | Книги |
| Скрит в OPAC | Не |
| Koha issues (borrowed), all copies | 1 |
| Периодичен библиозапис | Да |
| 944 ## - СЪЗДАВАНЕ И РЕДАКЦИЯ на ЗАПИСА | |
| Създаване/Редакция | Създаване |
| Дата на регистрацията/редакция | 16.12.2017 |
| Статус, дата на статуса | ф / |
| Служител, извършил регистрацията/редакцията | Виолета_Тройчева |
| 944 ## - СЪЗДАВАНЕ И РЕДАКЦИЯ на ЗАПИСА | |
| Създаване/Редакция | Редакция |
| Дата на регистрацията/редакция | 2022-12-09 |
| Код за отписване | Код за изгубен артикул | Източник на класификационната схема | Код за повреда | Коз за рестрикции | Код за отдаване | Артикулен № | Име на библиотеката - собственик | Име на библиотеката, в която се намира в момента | Статус (Текущо местоположение) | Дата на вписване в системата | Местоположение - отдел | Цена в лева | Инвентарен номер | Систематично азбучна сигнатура | Баркод | Номер на екземпляра | Цена в евро | Служебна бележка | Служебен тип на артикула |
|---|---|---|---|---|---|---|---|---|---|---|---|---|---|---|---|---|---|---|---|
| Изтеглен | Не е изгубен | Universal Decimal Classification | Не е повреден | без рестрикции | заемане за дома | 353467 | Регионална библиотека "Любен Каравелов" Русе | Регионална библиотека "Любен Каравелов" Русе | Заемна - подръчен фонд | 2017-12-14 | Заемна - подръчен фонд | 15.00 | 120000817904 | П 830-31/Х 41 | 120000817904 | 1 | 7.67 | Дост: DA Вид: А N: 44 Дата: 14.12.2017 Дата инв: 15.02.2018 Бележки инв: П2018 | Книги |
| Не е изгубен | Universal Decimal Classification | Не е повреден | без рестрикции | ползва се в читалня | 353468 | Регионална библиотека "Любен Каравелов" Русе | Регионална библиотека "Любен Каравелов" Русе | Хранилище | 1981-01-01 | Хранилище | 3.46 | 327013 | Цб 108324 | 120000327013 | 2 | 1.77 | Дост: Dp Вид: Д N: стар фонд Дата: 01.01.1981 | Книги | |
| Изтеглен | Не е изгубен | Universal Decimal Classification | Не е повреден | без рестрикции | заемане за дома | 353469 | Регионална библиотека "Любен Каравелов" Русе | Регионална библиотека "Любен Каравелов" Русе | Заемна - подръчен фонд | 1981-01-01 | Заемна - подръчен фонд | 3.46 | 325410 | П 830-31/Х 41 | 325410 | 3 | 1.77 | Дост: Pk Вид: Ф N: стар фонд Дата: 01.01.1981 | Книги |
| Изтеглен | Не е изгубен | Universal Decimal Classification | Не е повреден | без рестрикции | заемане за дома | 353470 | Регионална библиотека "Любен Каравелов" Русе | Регионална библиотека "Любен Каравелов" Русе | Заемна - подръчен фонд | 1981-01-01 | Заемна - подръчен фонд | 3.46 | 325415 | П 830-31/Х 41 | 325415 | 4 | 1.77 | Дост: Pk Вид: Ф N: стар фонд Дата: 01.01.1981 | Книги |